000 00630nam a2200241 i 4500
001 C2-0295536
003 PPAK
005 20180728074013.0
008 090331s2008 enk |||| ||||| | eng d
020 _a9780593058107
040 _aPPAK
_beng
_cPPAK
_erda
082 0 4 _a823
_223
090 0 0 _a823
_bESS
_dG
100 1 _aEsslemont, Ian C.,
_eauthor
245 1 0 _aReturn of the crimson guard
264 1 _aLondon :
_bBantam Press ,
_c2008
300 _a702 pages ;
_c24 cm
336 _2rdacontent
_atext
337 _2rdamedia
_aunmediated
338 _2rdacarrier
_avolume
650 1 0 _aEnglish fiction
942 _ddc
_cB
999 _c100075
_d100075